Catálogo

Vista normal Vista MARC

Entrada Personal Name

Número de registros utilizados en: 2

001 - CONTROL NUMBER

  • control field: 11037

003 - CONTROL NUMBER IDENTIFIER

  • control field: DLC

005 - DATE AND TIME OF LATEST TRANSACTION

  • control field: 20240716154459.0

008 - FIXED-LENGTH DATA ELEMENTS

  • fixed length control field: 800930n| acannaabn |a aaa

010 ## - LIBRARY OF CONGRESS CONTROL NUMBER

  • LC control number: n 80113671

035 ## - SYSTEM CONTROL NUMBER

  • System control number: (OCoLC)oca00494367

040 ## - CATALOGING SOURCE

  • Original cataloging agency: DLC
  • Language of cataloging: spa
  • Transcribing agency: Mx-PuUPA
  • Modifying agency: OCoLC
  • Modifying agency: IEN
  • Modifying agency: Mx-PuUPA
  • Description conventions: rda

046 ## - SPECIAL CODED DATES

  • Birth date: 1913

100 1# - HEADING--PERSONAL NAME

  • Personal name: González de Cossío, Francisco,
  • Dates associated with a name: 1913-

374 ## - OCCUPATION

  • Occupation: Autor

375 ## - GENDER

  • Gender: hombre

377 ## - ASSOCIATED LANGUAGE

  • Language code: spa

400 1# - SEE FROM TRACING--PERSONAL NAME

  • Personal name: De Cossío, Francisco González
  • Dates associated with a name: 1913-

400 1# - SEE FROM TRACING--PERSONAL NAME

  • Personal name: Cossío, Francisco González de
  • Dates associated with a name: 1913-

400 1# - SEE FROM TRACING--PERSONAL NAME

  • Personal name: González de Cosío y R., Francisco
  • Dates associated with a name: 1913-

400 1# - SEE FROM TRACING--PERSONAL NAME

  • Personal name: Cosío y R., Francisco González de
  • Dates associated with a name: 1913-

400 1# - SEE FROM TRACING--PERSONAL NAME

  • Personal name: González de Cosío, Francisco
  • Dates associated with a name: 1913-

400 1# - SEE FROM TRACING--PERSONAL NAME

  • Personal name: Cosío, Francisco González de
  • Dates associated with a name: 1913-

670 ## - SOURCE DATA FOUND

  • Source citation: His Relación breve de la venida de los de la Compañía ... 1945.

670 ## - SOURCE DATA FOUND

  • Source citation: Info. converted from 678, 2012-10-02
  • Information found: (b. 1913)